Administration report (Record no. 480124)

000 -LEADER
fixed length control field 00321cam a22001217a 4500
008 - FIXED-LENGTH DATA ELEMENTS--GENERAL INFORMATION
fixed length control field 180718b-- xxu||||| |||| 00| 0 eng d
082 ## - DEWEY DECIMAL CLASSIFICATION NUMBER
Classification number A45:W54 BPT
100 ## - MAIN ENTRY--PERSONAL NAME
Personal name Mumbai Port Trust
245 ## - TITLE STATEMENT
Title Administration report
260 ## - PUBLICATION, DISTRIBUTION, ETC.
Place of publication, distribution, etc. Mumbai
Name of publisher, distributor, etc. The author
Date of publication, distribution, etc. --
500 ## - GENERAL NOTE
General note Library has 2006/07, 2010/11
650 ## - SUBJECT ADDED ENTRY--TOPICAL TERM
Topical term or geographic name entry element Ports - India
Holdings
Withdrawn status Lost status Damaged status Not for loan Permanent Location Current Location Date acquired Full call number Barcode Date last seen Price effective from Koha item type
        Indian Institute of Public Administration Indian Institute of Public Administration 2018-08-04 A45:W54 BPT GG30902 2018-08-04 2018-08-04 GG
        Indian Institute of Public Administration Indian Institute of Public Administration 2018-08-04 A45:W54 BPT GG30620 2018-08-04 2018-08-04 GG
        Indian Institute of Public Administration Indian Institute of Public Administration 2018-08-04 A45:W54 BPT GG29077 2018-08-04 2018-08-04 GG

Powered by Koha